Gen Z neologisms - Statistics

General Stats
  • This quiz has been taken 278 times
    266 since last reset
  • The average score is 8 of 17
Answer Stats
Hint Answer % Correct
Womanizer/ female equivalent of womanizer, someone who has solid game has ____ Rizz
91%
A very basic individual, definitelly not a player character NPC
84%
When someone spends too much time online, he needs to ___ ___ Touch grass/ go touch grass
76%
Someone who has style has ____ Drip
69%
A lie cap
68%
To throw something Yeet
65%
Iriginally when the food is good. Nowadays doesn’t have to be neccesarily food Bussin/bussin’
62%
Someone who is expert on his field, or just generally very good at something. Spelling identical to a farm animal, but it’s actually an acronym Goat/goated
60%
When the above or someone else is doing something his way, you let him do his thing, you let him ___ Cook
59%
Posting things online, for fun, without much thinking process involved Shitposting/ Shit posting/shitpost/shit post
37%
What the above does when browsing social media Doomscrolling
34%
A zoomer with negative outlook for the future Doomer
33%
A humorous cartoon, typically sad looking, simple character, poorly but tastefully drawn in MS paint, actually bit older, originated on 4chan (but it’s not its mascot) nowadays shared around all social media with many variants Wojak/soyjak
20%
Originally referring to good music, but nowadays can be anything really. Synonymous to the 3rd question Slaps/Slap
19%
Not a separate word, rather a suffix added to something when it’s sexualized, in submissive manner Ussy/-ussy
19%
Who needs they __(suffix above) ___ ? Referring to oral sex Ate
10%
When the rules are too strict for your taste, you compare it to the George Orwell literary classic, even when you most likely never read it Literally 1984
10%
No matching quizzes found
Score Distribution
Percent of People with Each Score
Percentile by Number Answered
Your Score History
You have not taken this quiz since the last reset